Phases finales de Top 14 2024-2025. - Statistiques

Statistiques générales
  • Ce quiz a été pris 38 fois
  • Le résultat moyen est 5 sur 6
Statistiques - réponses
Équipes % Correct
Stade toulousain
100%
Union Bordeaux Bègles
100%
Aviron bayonnais
89%
Castres olympique
86%
ASM Clermont
86%
RC Toulon
83%
Aucun quiz correspondant
Distribution des résultats
% des personnes avec chaque résultat
Percentile par nombre de réponses
Votre historique - résultats
Vous n’avez pas pris ce quiz